000 00689nam a2200229 i 4500
001 111202
003 ES-MaACL
005 20230906185249.0
007 t|
008 061121s1955 sp r ||||1| spa d
080 _a821.133.1-31"19"
100 1 _aOldenbourg, Zoé.
_986693
245 1 3 _aLa piedra angular /
_cZoé Oldenbourg ; traducción del francés por María Barbeito y Cerviño.
250 _a1ª. ed.
260 _aBarcelona :
_bDestino,
_c1955.
300 _a424 p. ;
_c22 cm.
490 1 _aColección Ulises
700 1 _aBarbeito y Cerviño, María.
_925401
830 0 _aColección Ulises
_9233055
852 _aES-MaACL
_jC-9587
_bR.37486
999 _c111202
_d111202